Atlas of PET-CT A Quick Guide to Image Interpretation /

This new atlas, the fourth of a successful series, is a completely revised and updated edition of a previously published FDG PET-CT atlas. In the past few years, considerable progress has been made in the field of PET-CT imaging, and this new edition takes full account of these recent developments....

Full description

Bibliographic Details
Main Authors: Fanti, Stefano (Author, http://id.loc.gov/vocabulary/relators/aut), Farsad, Mohsen (http://id.loc.gov/vocabulary/relators/aut), Mansi, Luigi (http://id.loc.gov/vocabulary/relators/aut), Castellucci, Paolo (http://id.loc.gov/vocabulary/relators/aut)
Corporate Author: SpringerLink (Online service)
Format: Electronic eBook
Language:English
Published: Berlin, Heidelberg : Springer Berlin Heidelberg : Imprint: Springer, 2018.
Edition:2nd ed. 2018.
Subjects:
Online Access:Full Text via HEAL-Link
LEADER 03207nam a2200481 4500
001 978-3-662-57742-4
003 DE-He213
005 20190206122126.0
007 cr nn 008mamaa
008 190206s2018 gw | s |||| 0|eng d
020 |a 9783662577424  |9 978-3-662-57742-4 
024 7 |a 10.1007/978-3-662-57742-4  |2 doi 
040 |d GrThAP 
050 4 |a R895-920 
072 7 |a MMN  |2 bicssc 
072 7 |a MED080000  |2 bisacsh 
072 7 |a MKR  |2 thema 
082 0 4 |a 616.07548  |2 23 
100 1 |a Fanti, Stefano.  |e author.  |4 aut  |4 http://id.loc.gov/vocabulary/relators/aut 
245 1 0 |a Atlas of PET-CT  |h [electronic resource] :  |b A Quick Guide to Image Interpretation /  |c by Stefano Fanti, Mohsen Farsad, Luigi Mansi, Paolo Castellucci. 
250 |a 2nd ed. 2018. 
264 1 |a Berlin, Heidelberg :  |b Springer Berlin Heidelberg :  |b Imprint: Springer,  |c 2018. 
300 |a XV, 365 p. 784 illus., 514 illus. in color.  |b online resource. 
336 |a text  |b txt  |2 rdacontent 
337 |a computer  |b c  |2 rdamedia 
338 |a online resource  |b cr  |2 rdacarrier 
347 |a text file  |b PDF  |2 rda 
505 0 |a Introduction -- Normal Distribution, Variants and Artefacts of FDG -- PET-CT in Oncology -- PET-CT in Inflammation and Infection -- PET-CT in Neurodegenerative Diseases. 
520 |a This new atlas, the fourth of a successful series, is a completely revised and updated edition of a previously published FDG PET-CT atlas. In the past few years, considerable progress has been made in the field of PET-CT imaging, and this new edition takes full account of these recent developments. Furthermore, its educational mission has been broadened: beyond serving as a straightforward guide to FDG PET-CT imaging it now encompasses the integrative use of contrast-enhanced CT and MRI. The new edition also includes non-oncological indications for FDG PET-CT. The atlas aims to help imaging practitioners to recognize physiological and benign pathological FDG uptake and illustrates in a case-based, practical manner the PET-CT appearances of all the major tumors and infectious, inflammatory, and neurodegenerative disorders. The main clinical applications are covered, and learning points and pitfalls are clearly articulated. The consistent, user-friendly format facilitates image interpretation and allows rapid review of key information needed for FDG PET-CT imaging. 
650 0 |a Nuclear medicine. 
650 0 |a Oncology  . 
650 1 4 |a Nuclear Medicine.  |0 http://scigraph.springernature.com/things/product-market-codes/H29048 
650 2 4 |a Oncology.  |0 http://scigraph.springernature.com/things/product-market-codes/H33160 
700 1 |a Farsad, Mohsen.  |e author.  |4 aut  |4 http://id.loc.gov/vocabulary/relators/aut 
700 1 |a Mansi, Luigi.  |e author.  |4 aut  |4 http://id.loc.gov/vocabulary/relators/aut 
700 1 |a Castellucci, Paolo.  |e author.  |4 aut  |4 http://id.loc.gov/vocabulary/relators/aut 
710 2 |a SpringerLink (Online service) 
773 0 |t Springer eBooks 
776 0 8 |i Printed edition:  |z 9783662577400 
776 0 8 |i Printed edition:  |z 9783662577417 
856 4 0 |u https://doi.org/10.1007/978-3-662-57742-4  |z Full Text via HEAL-Link 
912 |a ZDB-2-SME 
950 |a Medicine (Springer-11650)